| 000 | 00505cam a2200193ua 4500 | ||
|---|---|---|---|
| 020 |
_a0-08-027451-X _c25.00 |
||
| 041 |
_aeng _h |
||
| 082 |
_a631.587 _bHAZ/IR |
||
| 100 | _aHazlewood, Arthur . | ||
| 245 |
_aIrrigation economics in poor countries / _cArthur Hozlewood. _hTextual Documents |
||
| 250 |
_a1 / _b. |
||
| 260 |
_aOxford : _bPergamon Press , _c1982. |
||
| 300 | _a144 ; . | ||
| 365 | _a25.00 | ||
| 504 | _a | ||
| 700 | 1 | _aLivingstone, Ian . | |
| 942 | _cBK | ||
| 999 |
_c7326 _d7326 |
||